Research and development of computer support for maintenance, assembly and other auxiliary and service works = Výzkum a vývoj počítačové podpory pro údržbu, montáže a další pomocné a obslužné práce /

Hlavní autor: Pfeifer, Marcel Rolf, 1988-
Korporativní autor: Vysoká škola báňská - Technická univerzita Ostrava. Katedra mechanické technologie
Jazyk: Angličtina
Čeština
Vydáno: Ostrava : VŠB - Technická univerzita Ostrava, 2019
Vydání: 1. vydání
Edice: Vědecké spisy Fakulty strojní. Autoreferáty disertačních prací ; sv. 343
Témata:
Fyzický popis: 55 stran : ilustrace (některé barevné) ; 21 cm
Language note: Částečně český text, české a anglické resumé
Knihy
Uloženo v:
LEADER 02746nam a2200601 i 4500
001 nkc20193074100
003 CZ PrNK
005 20200226083832.0
007 ta
008 200204s2019 xr a f m 000 0 eng
015 |a cnb003074100 
020 |a 978-80-248-4257-8  |q (brožováno) :  |c neprodejné 
035 |a (OCoLC)1143823451 
040 |a ABA001  |b cze  |d OLA001  |e rda 
041 0 |a eng  |a cze  |b cze  |b eng 
072 7 |a 658  |x Řízení a správa podniku  |2 Konspekt  |9 4 
080 |a 004-027.22  |2 MRF 
080 |a 62-7  |2 MRF 
080 |a 658  |2 MRF 
080 |a (043.3)  |2 MRF 
080 |a (048.3)  |2 MRF 
100 1 |a Pfeifer, Marcel Rolf,  |d 1988-  |7 jo20201065502  |4 dis 
245 1 0 |a Research and development of computer support for maintenance, assembly and other auxiliary and service works =  |b Výzkum a vývoj počítačové podpory pro údržbu, montáže a další pomocné a obslužné práce /  |c Marcel Rolf Pfeifer 
246 3 1 |a Výzkum a vývoj počítačové podpory pro údržbu, montáže a další pomocné a obslužné práce 
250 |a 1. vydání 
264 1 |a Ostrava :  |b VŠB - Technická univerzita Ostrava,  |c 2019 
300 |a 55 stran :  |b ilustrace (některé barevné) ;  |c 21 cm 
336 |a text  |b txt  |2 rdacontent 
337 |a bez média  |b n  |2 rdamedia 
338 |a svazek  |b nc  |2 rdacarrier 
490 1 |a Vědecké spisy Fakulty strojní. Autoreferáty disertačních prací ;  |v sv. 343 
500 |a Autoreferát disertace (Ph.D.)--Vysoká škola báňská - Technická univerzita Ostrava, Fakulta strojní, katedra mechanické technologie, 2019 
500 |a 25 výtisků 
504 |a Obsahuje bibliografii 
546 |a Částečně český text, české a anglické resumé 
650 0 7 |a počítačová podpora  |7 ph218890  |2 czenas 
650 0 7 |a opravy a údržba strojů  |7 ph136637  |2 czenas 
650 0 7 |a podnikový management  |7 ph115763  |2 czenas 
650 0 9 |a computer aid  |2 eczenas 
650 0 9 |a machines maintenance and repair  |2 eczenas 
650 0 9 |a industrial management  |2 eczenas 
655 7 |a disertace  |7 fd132024  |2 czenas 
655 7 |a autoreferáty  |7 fd131857  |2 czenas 
655 9 |a dissertations  |2 eczenas 
655 9 |a autoabstracts  |2 eczenas 
710 2 |a Vysoká škola báňská - Technická univerzita Ostrava.  |b Katedra mechanické technologie  |7 kn20020321543  |4 isb 
810 2 |a Vysoká škola báňská - Technická univerzita Ostrava.  |b Strojní fakulta.  |t Vědecké spisy.  |p Autoreferáty disertačních prací  |0 s 
910 2 |a BOA001  |b 2-1443.351 
928 9 |a Vysoká škola báňská - Technická univerzita Ostrava 
990 |a BK 
995 |a 01 
991 |b 202002  |c NOV 
996 6 |b 2610814125  |c 2-1443.351  |l MZK  |r Sklad / do 1 hodiny  |n 0  |p p.v.  |w 001781030  |u 000010  |a 1  |e BOA001  |j MZK50  |s P